|
|
|
|
| LEADER |
00729nam#a2200265#a#4500 |
| 001 |
000983 |
| 005 |
20160721141832.0 |
| 008 |
950628s1985####ag##################spa#d |
| 020 |
|
|
|a 9502300580
|
| 040 |
|
|
|a AR-BeUNQ
|
| 099 |
|
|
|a 30-L39
|
| 100 |
1 |
|
|a Levene, Gustavo Gabriel
|
| 245 |
0 |
2 |
|a Hombres de la Argentina :
|b De mayo a caseros
|c Gustavo Gabriel Levene.
|
| 250 |
|
|
|a 3a. ed.
|
| 260 |
|
|
|a Buenos Aires :
|b EUDEBA,
|c 1985
|
| 300 |
|
|
|a 256 p
|
| 490 |
0 |
|
|a Argentina
|
| 648 |
|
4 |
|a 1810-1940
|
| 650 |
|
7 |
|a BIOGRAFIAS
|2 spines
|
| 650 |
|
7 |
|a POLITICOS
|2 spines
|
| 650 |
|
7 |
|a HISTORIA
|2 spines
|
| 653 |
|
|
|a HISTORIA ARGENTINA
|
| 929 |
|
|
|a COMPRA
|b Eudeba
|c Exp. 827-0207/95
|d 5,60
|e 1995
|j 11269
|
| 942 |
|
|
|c LIB
|n 0
|
| 999 |
|
|
|c 3784
|d 79171
|